| 000 | 01874nam0a2200361 4500 | ||
|---|---|---|---|
| 001 | RU\NLR\BIBL_A\011641460 | ||
| 005 | 20180322160905.0 | ||
| 010 |
_a978-5-91178-130-9 _9300 |
||
| 021 |
_aRU _bКН-П-18-005343 _9КН-П-18-0365 |
||
| 035 | _a(NLR Aleph) 011641460 | ||
| 035 | _a(RuMoRGB)009529080 | ||
| 090 |
_a11082034 _c11082034 |
||
| 100 | _a20180222d2016 u y0rusy50 ca | ||
| 101 | 0 | _arus | |
| 102 | _aRU | ||
| 105 | _aa|||zzzz000zy | ||
| 200 | 1 |
_aЗоотехническая оценка тувинских лошадей используемых в национальных видах конного спорта _eмонография _fБ. М. Монгуш, Ю. А. Юлдашбаев _gМинистерство образования Российской Федерации, Федеральное государственное бюджетное образовательное учреждение высшего образования "Тувинский государственный университет" |
|
| 210 |
_aКызыл _cИзд-во ТувГУ _d2016 |
||
| 215 |
_a102 с. _cтабл., цв. ил. _d20 |
||
| 320 | _aБиблиогр.: с. 91-101 (132 назв.) | ||
| 606 | 1 |
_aКонный спорт _yТыва, Республика _92358465 _3RU\NLR\AUTH\6601631026 |
|
| 606 | 1 |
_aТувинские лошади _92358467 _3RU\NLR\AUTH\6601631027 |
|
| 686 |
_aП611.39тувинская-6,0 _2rubbk |
||
| 686 | 1 | _aП611.9(2Р54-6Ту) | |
| 686 | 1 | _aП611.39Тувинские | |
| 686 | 1 | _aЧ517.224(2Р-6Ту) | |
| 700 | 1 |
_aМонгуш _bБ. М. _gБуян Михайлович |
|
| 701 | 1 |
_7ca _8rus _aЮлдашбаев _bЮ. А. _f1958- _gЮсупжан Артыкович _9157767 _3RU\NLR\AUTH\770157808 |
|
| 942 | _cBOOK | ||
| 980 | _aNBR | ||
| 980 | _aNB | ||